[Event "AUTO-INT-274"]
[Site "http://www.queenalice.com/game.php?id=296465"]
[Date "2007.11.1"]
[Round "2"]
[White "conqueror"]
[Black "mafbueno"]
[Result "0-1"]
[WhiteElo "1714"]
[BlackElo "1812"]

1. d4 d5 2. c4 dxc4 3. Nc3 Nf6 4. Nf3 e6 5. Bg5 Be7 6. e3 h6 7. Bh4 c6 8. Bxc4
Nbd7 9. O-O O-O 10. Qc2 g6 11. Ne4 Kg7 12. Nxf6 Bxf6 13. Bg3 Nb6 14. Bb3 a5 15.
a4 Nd5 16. Rac1 Nb4 17. Qc4 Qd5 18. Qc3 Qe4 19. Bc4 Bd7 20. Bd6 Rfe8 21. Bxb4
axb4 22. Qxb4 c5 23. Qxc5 Bxa4 24. Nd2 Qc6 25. Qb4 Qd7 26. b3 Bc6 27. Ra1 b5 28.
Bd3 Qd5 29. Be4 Qd7 30. Rfc1 Bxe4 31. Nxe4 Be7 32. Qd2 Qd5 33. Qd3 e5 34. h3 f5
35. Nc5 Rxa1 36. Rxa1 Bxc5 37. Qxb5 Rc8 38. dxc5 Rxc5 39. Ra7+ Kf6 0-1

[Event "Bernobr"]
[Site "http://www.queenalice.com/game.php?id=297618"]
[Date "2007.11.3"]
[Round "2"]
[White "andreavb"]
[Black "mafbueno"]
[Result "1-0"]
[WhiteElo "1853"]
[BlackElo "1858"]

1. e4 d5 2. exd5 Qxd5 3. Nc3 Qd8 4. Bc4 Nf6 5. Nf3 Bf5 6. d3 e6 7. O-O Bd6 8.
Be3 Nbd7 9. Qd2 c6 10. Rad1 Qc7 11. Ne2 Nb6 12. Bb3 O-O-O 13. Nfd4 Bxh2+ 14. Kh1
Be5 15. Nxf5 exf5 16. c3 Ne4 17. Qc2 Nd6 18. d4 Bf6 19. Bf4 g6 20. c4 g5 21. c5
Nd5 22. cxd6 Qd7 23. Bh2 Nb4 24. Qc5 Na6 25. Qxa7 f4 26. Qa8+ Nb8 27. Rc1 Qxd6
28. Bxf7 1-0

[Event "AUTO-OPEN-554"]
[Site "http://www.queenalice.com/game.php?id=298928"]
[Date "2007.11.5"]
[Round "2"]
[White "mafbueno"]
[Black "me"]
[Result "1/2-1/2"]
[WhiteElo "1804"]
[BlackElo "2057"]

1. e4 c5 2. Nc3 Nc6 3. Bb5 Nd4 4. Ba4 Nf6 5. e5 b5 6. Bxb5 Nxb5 7. Nxb5 Nd5 8.
Nf3 Ba6 9. Nc3 Nxc3 10. dxc3 g6 11. b3 c4 12. Bb2 Bg7 13. Qd5 O-O 14. b4 e6 15.
Qd6 Qc8 16. a4 Bb7 17. O-O Bxf3 18. gxf3 Qc6 19. Qxc6 dxc6 20. Rfd1 Rfd8 21. Kf1
Bxe5 22. Kg2 Rd5 23. Rxd5 cxd5 24. Re1 Bc7 25. Bc1 Kg7 26. f4 Kf6 27. Kf3 Kf5
28. Be3 a6 29. Rg1 f6 30. h4 e5 31. fxe5 Bxe5 32. Bd4 Re8 33. Re1 h6 34. b5 axb5
35. axb5 Ke6 36. b6 Kd7 37. b7 Kc7 38. Rb1 Bxd4 39. cxd4 Rb8 40. Rb5 Kc6 41.
Rc5+ Kxb7 42. Rxd5 Rc8 43. Rd6 Rc6 44. Rxc6 Kxc6 45. Ke4 Kd6 46. f4 f5+ 47. Ke3
Ke6 48. c3 Kd5 1/2-1/2

[Event "AUTO-OPEN-554"]
[Site "http://www.queenalice.com/game.php?id=298929"]
[Date "2007.11.5"]
[Round "2"]
[White "me"]
[Black "mafbueno"]
[Result "1-0"]
[WhiteElo "2035"]
[BlackElo "1871"]

1. e4 d5 2. exd5 Qxd5 3. Nc3 Qd8 4. Nf3 Bf5 5. d4 e6 6. Bd3 Bg6 7. O-O Bd6 8.
Nb5 c6 9. Nxd6+ Qxd6 10. b3 Nd7 11. a4 Ngf6 12. Re1 O-O-O 13. Ne5 Qe7 14. Ba3
Qe8 15. Nc4 1-0

[Event "AUTO-OPEN-554"]
[Site "http://www.queenalice.com/game.php?id=298930"]
[Date "2007.11.5"]
[Round "2"]
[White "mafbueno"]
[Black "thw"]
[Result "1-0"]
[WhiteElo "1892"]
[BlackElo "1784"]

1. b3 e5 2. Bb2 Nc6 3. e3 d5 4. Bb5 d4 5. exd4 Bd7 6. dxe5 a6 7. Be2 Qg5 8. Bf3
O-O-O 9. d4 f6 10. Bc1 fxe5 11. Bxg5 1-0

[Event "AUTO-OPEN-554"]
[Site "http://www.queenalice.com/game.php?id=298931"]
[Date "2007.11.5"]
[Round "2"]
[White "thw"]
[Black "mafbueno"]
[Result "1-0"]
[WhiteElo "1875"]
[BlackElo "1818"]

1. e4 d5 2. exd5 Qxd5 3. Nc3 Qd8 4. d4 Nf6 5. Nf3 Bf5 6. Bf4 c6 7. Bd3 Bg6 8.
O-O e6 9. Re1 Bd6 10. Bg5 Nbd7 11. d5 O-O 12. dxe6 fxe6 13. Rxe6 Qc7 14. Rxd6
Qxd6 15. Bc4+ Nd5 16. Nxd5 cxd5 17. Bxd5+ Kh8 18. c4 Rab8 19. Qd4 Nb6 20. Rd1
Nxd5 21. Qxd5 Qxd5 22. Rxd5 h6 23. Be3 b6 24. Ne5 Be8 25. h3 Rc8 26. b3 Kg8 27.
f4 h5 28. g4 Rf6 29. Kg2 Re6 30. Kg3 Rc7 31. f5 Ree7 32. Bf4 Bc6 33. Rd8+ Kh7
34. Ng6 Re8 35. Rxe8 Bxe8 36. Bxc7 1-0

[Event "AUTO-OPEN-579"]
[Site "http://www.queenalice.com/game.php?id=335627"]
[Date "2008.1.13"]
[Round "3"]
[White "AndyWo"]
[Black "mafbueno"]
[Result "1-0"]
[WhiteElo "2425"]
[BlackElo "1900"]

1. e4 d5 2. exd5 Qxd5 3. Nc3 Qa5 4. d4 Nf6 5. Nf3 Ne4 6. Bd3 Nxc3 7. bxc3 Bg4 8.
O-O e6 9. Rb1 b6 10. h3 Bh5 11. Rb5 Qxc3 12. Rxh5 g6 13. Ng5 h6 14. Qf3 Qc6 15.
Qxf7+ Kd8 16. Bb5 1-0

[Event "AUTO-OPEN-579"]
[Site "http://www.queenalice.com/game.php?id=335628"]
[Date "2008.1.13"]
[Round "3"]
[White "mafbueno"]
[Black "AndyWo"]
[Result "0-1"]
[WhiteElo "1898"]
[BlackElo "2458"]

1. d4 Nf6 2. Nf3 e6 3. Bf4 d5 4. h4 Bd6 5. e3 Bxf4 6. exf4 Qd6 7. g3 Qb4+ 8.
Nbd2 Qxb2 9. Nb3 Qc3+ 10. Nfd2 O-O 11. Bd3 Nc6 12. O-O Nxd4 13. Nxd4 Qxd4 14.
Nf3 Qc5 15. Re1 b6 16. Qe2 Qa5 17. c4 Bb7 18. Ne5 Rad8 19. Rac1 c5 20. g4 dxc4
21. Nxc4 Qa4 22. g5 Qd7 23. Ne5 Qd5 24. f3 Qd4+ 25. Qe3 Qxe3+ 26. Rxe3 Nd5 27.
Ree1 f6 28. Nc4 Nxf4 29. Be4 Bxe4 30. Rxe4 fxg5 31. hxg5 Rd3 32. Ne5 Rd2 33.
Rcc4 Ne2+ 0-1

[Event "Bernobr"]
[Site "http://www.queenalice.com/game.php?id=338058"]
[Date "2008.1.17"]
[Round "3"]
[White "philler"]
[Black "mafbueno"]
[Result "0-1"]
[WhiteElo "1704"]
[BlackElo "1843"]

1. d4 d5 2. c4 dxc4 3. Nf3 b5 4. a4 c6 5. b3 cxb3 6. Qxb3 a6 7. e3 Bb7 8. Ne5 e6
9. Bb2 Nf6 10. Bd3 Nbd7 11. Nxd7 Qxd7 12. O-O Qd5 13. Qc2 c5 14. f3 c4 15. Nc3
cxd3 16. Nxd5 dxc2 17. Nc7+ Kd7 18. Nxa8 Bxa8 19. axb5 Nd5 20. Kf2 Nb4 21. Ke2
Bb7 22. Kd2 Bd6 23. g3 axb5 24. e4 f6 25. Bc3 Na6 26. Kxc2 b4 27. Bd2 Rc8+ 28.
Kb3 g5 29. e5 fxe5 30. dxe5 Bd5+ 31. Ka4 Nc5+ 32. Kxb4 Nd3+ 33. Kb5 Rb8+ 34. Ka5
Bc7+ 35. Ka4 Nb2+ 0-1

[Event "AUTO-OPEN-509"]
[Site "http://www.queenalice.com/game.php?id=340587"]
[Date "2008.1.22"]
[Round "2"]
[White "mafbueno"]
[Black "MadScot"]
[Result "1-0"]
[WhiteElo "1869"]
[BlackElo "1782"]

1. d4 d5 2. Nf3 Nf6 3. Bf4 c5 4. c3 e6 5. Nbd2 Nc6 6. h3 cxd4 7. cxd4 Bb4 8. a3
Ba5 9. e3 O-O 10. Bd3 Ne7 11. O-O a6 12. Qc2 b5 13. b4 Bb6 14. Ne5 Bb7 15. Rac1
Rc8 16. Qb1 Nc6 17. Ndf3 Nxe5 18. dxe5 Ne4 19. Rfe1 Rxc1 20. Rxc1 Qd7 21. Nd4
Rc8 22. f3 Nc3 23. Bxh7+ Kf8 24. Qd3 Bxd4 25. exd4 Ne2+ 26. Qxe2 Rxc1+ 27. Bxc1
g6 28. Bxg6 fxg6 29. Qd3 Kf7 30. Bg5 Qc8 31. Qd2 Bc6 32. Qf4+ Kg8 33. Bf6 Qf8
34. Qg5 Qf7 35. h4 Kh7 36. g4 Be8 37. h5 gxh5 38. gxh5 Qg8 39. Qxg8+ Kxg8 40. h6
Kh7 41. Bg7 Bg6 42. Kf2 Bf5 43. Kg3 Kg6 44. Kf4 Bd3 45. Ke3 Bc4 46. f4 Ba2 47.
f5+ exf5 48. Kf4 Bb1 49. e6 1-0

[Event "AUTO-OPEN-509"]
[Site "http://www.queenalice.com/game.php?id=340588"]
[Date "2008.1.22"]
[Round "2"]
[White "MadScot"]
[Black "mafbueno"]
[Result "0-1"]
[WhiteElo "1753"]
[BlackElo "1857"]

1. e4 d5 2. exd5 Qxd5 3. Nc3 Qd8 4. d4 c6 5. Nf3 Bf5 6. Bc4 e6 7. O-O Nf6 8. Bf4
Bd6 9. Bxd6 Qxd6 10. Re1 Nbd7 11. Nh4 Bg6 12. Nxg6 hxg6 13. h3 Nb6 14. Bb3 O-O-O
15. Ne2 Rh4 16. c3 Rdh8 17. Ng3 Qf4 18. Qd3 Qh6 19. Ne4 Qf4 20. Nxf6 gxf6 21.
Bc2 Qg5 22. Re3 Nd5 23. Rg3 Qh6 24. Re1 Nf4 25. Ree3 Nxd3 0-1

[Event "AUTO-OPEN-509"]
[Site "http://www.queenalice.com/game.php?id=340589"]
[Date "2008.1.22"]
[Round "2"]
[White "mafbueno"]
[Black "muttleychess"]
[Result "0-1"]
[WhiteElo "1894"]
[BlackElo "2270"]

1. d4 Nf6 2. Nf3 e6 3. Bf4 d5 4. h4 Bd6 5. Bxd6 Qxd6 6. c3 Nbd7 7. e3 O-O 8. Bd3
e5 9. dxe5 Nxe5 10. Nxe5 Qxe5 11. Nd2 a5 12. Nf3 Qd6 13. Qc2 Bg4 14. O-O-O a4
15. Rd2 a3 16. b3 Ra5 17. Nd4 g6 18. f3 Bd7 19. g4 Re8 20. Re2 c5 21. b4 cxb4
0-1

[Event "AUTO-OPEN-509"]
[Site "http://www.queenalice.com/game.php?id=340590"]
[Date "2008.1.22"]
[Round "2"]
[White "muttleychess"]
[Black "mafbueno"]
[Result "1-0"]
[WhiteElo "2271"]
[BlackElo "1892"]

1. e4 d5 2. exd5 Qxd5 3. Nc3 Qd8 4. Nf3 Bf5 5. Bc4 e6 6. d4 Nf6 7. O-O Bd6 8. d5
e5 9. Re1 Nbd7 10. h3 Nb6 11. Bb5+ Bd7 12. Nxe5 O-O 13. Nxd7 Nbxd7 14. Qf3 Ne5
15. Qf5 Ng6 16. Bg5 a6 17. Bf1 Qd7 18. Qxd7 Nxd7 19. Rad1 Rfe8 20. Ne4 f6 21.
Bd2 1-0

[Event "QA-ANNIV-03"]
[Site "http://www.queenalice.com/game.php?id=360801"]
[Date "2008.2.25"]
[Round "5"]
[White "Eduardomoreto67"]
[Black "mafbueno"]
[Result "1/2-1/2"]
[WhiteElo "1932"]
[BlackElo "1899"]

1. d4 d5 2. c4 c6 3. Nf3 Nf6 4. Nc3 e6 5. e3 Be7 6. Bd3 Nbd7 7. O-O O-O 8. e4
dxe4 9. Nxe4 Nxe4 10. Bxe4 Nf6 11. Bd3 Qc7 12. h3 Rd8 13. Re1 h6 14. Be3 b6 15.
Rc1 Bb7 16. Ne5 Bb4 17. Bd2 Bxd2 18. Qxd2 c5 19. dxc5 Qxc5 20. b4 Qe7 21. c5
bxc5 22. Rxc5 Rd5 23. Rxd5 Bxd5 24. Qb2 Qb7 25. f3 Rb8 26. b5 Qb6+ 27. Kf1 a6
28. a4 axb5 1/2-1/2

[Event "QA-ANNIV-03"]
[Site "http://www.queenalice.com/game.php?id=385499"]
[Date "2008.4.10"]
[Round "6"]
[White "mafbueno"]
[Black "Miguelname"]
[Result "0-1"]
[WhiteElo "1896"]
[BlackElo "2288"]

1. b3 e5 2. Bb2 Nc6 3. e3 Nf6 4. c4 Be7 5. Nc3 d5 6. cxd5 Nxd5 7. Nxd5 Qxd5 8.
d3 Qa5+ 9. Ke2 O-O 10. Qb1 Rd8 11. a3 Bf5 12. e4 Bxe4 0-1